Kinks Albums Tile Select - Statistics

General Stats
  • This quiz has been taken 17 times
  • The average score is 32 of 45
Answer Stats
Question Tile Select % Correct
the following songs that are on Lola Versus Powerman and the Moneygoround, Part One (1970). 20th Century Man No
88%
the following songs that are on Face to Face (1966). Dedicated Follower of Fashion No
88%
the following songs that are on Lola Versus Powerman and the Moneygoround, Part One (1970). Lola Yes
88%
the following songs that are on The Kink Kontroversy (1965). All Day and All of the Night No
81%
the following songs that are on Lola Versus Powerman and the Moneygoround, Part One (1970). Apeman Yes
81%
the following songs that are on Something Else by the Kinks (1967). David Watts Yes
81%
the following songs that are on Face to Face (1966). Dead End Street No
81%
the following songs that are on Face to Face (1966). Death of a Clown No
81%
the following songs that are on The Kinks Are the Village Green Preservation Society (1968). People Take Pictures of Each Other Yes
81%
the following songs that are on Face to Face (1966). Rosy Won't You Please Come Home Yes
81%
the following songs that are on Face to Face (1966). Sunny Afternoon Yes
81%
the following songs that are on Something Else by the Kinks (1967). Waterloo Sunset Yes
81%
the following songs that are on The Kink Kontroversy (1965). Where Have All the Good Times Gone Yes
81%
the following songs that are on Something Else by the Kinks (1967). Autumn Almanac No
75%
the following songs that are on Face to Face (1966). Dandy Yes
75%
the following songs that are on Lola Versus Powerman and the Moneygoround, Part One (1970). God's Children No
75%
the following songs that are on The Kinks Are the Village Green Preservation Society (1968). Last of the Steam-Powered Trains Yes
75%
the following songs that are on Something Else by the Kinks (1967). See My Friends No
75%
the following songs that are on Lola Versus Powerman and the Moneygoround, Part One (1970). Supersonic Rocket Ship No
75%
the following songs that are on Lola Versus Powerman and the Moneygoround, Part One (1970). Victoria No
75%
the following songs that are on The Kink Kontroversy (1965). You Really Got Me No
75%
the following songs that are on The Kinks Are the Village Green Preservation Society (1968). Afternoon Tea No
69%
the following songs that are on Face to Face (1966). A House in the Country Yes
69%
the following songs that are on The Kinks Are the Village Green Preservation Society (1968). Animal Farm Yes
69%
the following songs that are on The Kinks Are the Village Green Preservation Society (1968). Lazy Old Sun No
69%
the following songs that are on Something Else by the Kinks (1967). Love Me Till the Sun Shines Yes
69%
the following songs that are on The Kinks Are the Village Green Preservation Society (1968). Picture Book Yes
69%
the following songs that are on Face to Face (1966). Rainy Day in June Yes
69%
the following songs that are on The Kink Kontroversy (1965). Ring the Bells Yes
69%
the following songs that are on The Kinks Are the Village Green Preservation Society (1968). Shangri-La No
69%
the following songs that are on Something Else by the Kinks (1967). Situation Vacant Yes
69%
the following songs that are on Lola Versus Powerman and the Moneygoround, Part One (1970). This Time Tomorrow Yes
69%
the following songs that are on The Kink Kontroversy (1965). Tired of Waiting for You No
69%
the following songs that are on The Kink Kontroversy (1965). When I See That Girl of Mine Yes
69%
the following songs that are on The Kinks Are the Village Green Preservation Society (1968). All of My Friends Were There Yes
63%
the following songs that are on Face to Face (1966). A Well Respected Man No
63%
the following songs that are on Lola Versus Powerman and the Moneygoround, Part One (1970). Celluloid Heroes No
63%
the following songs that are on Something Else by the Kinks (1967). Mister Pleasant No
63%
the following songs that are on Something Else by the Kinks (1967). Plastic Man No
63%
the following songs that are on The Kink Kontroversy (1965). Set Me Free No
63%
the following songs that are on The Kinks Are the Village Green Preservation Society (1968). Starstruck Yes
63%
the following songs that are on Something Else by the Kinks (1967). Two Sisters Yes
63%
the following songs that are on The Kink Kontroversy (1965). The World Keeps Going Round Yes
56%
the following songs that are on Lola Versus Powerman and the Moneygoround, Part One (1970). Got to Be Free Yes
50%
the following songs that are on The Kink Kontroversy (1965). Till the End of the Day Yes
50%
No matching quizzes found
Score Distribution
Percent of People with Each Score
Percentile by Number Answered
Your Score History
You have not taken this quiz